Statistics for Ballon d'Or Nominees 2023

Click here to take the quiz!

General Stats

  • This quiz has been taken 245 times
  • The average score is 28 of 30

Answer Stats

NationClubPositionPlayer% Correct
NorwayManchester CityFWErling Haaland
99%
EnglandReal MadridMIDJude Bellingham
99%
FranceParis Saint-GermainFWKylian Mbappé
99%
FranceAtlético MadridFWAntoine Griezmann
98%
BelgiumManchester CityMIDKevin De Bruyne
98%
EgyptLiverpoolFWMohamed Salah
98%
FranceAl IttihadFWKarim Benzema
97%
ArgentinaInter MiamiFWLionel Messi
97%
CroatiaReal MadridMIDLuka Modrić
97%
PolandBarcelonaFWRobert Lewandowski
97%
BrazilReal MadridFWVinícius Júnior
97%
ArgentinaAston VillaGKEmiliano Martínez
96%
EnglandBayern MunichFWHarry Kane
96%
ArgentinaManchester CityFWJulián Álvarez
96%
South KoreaBayern MunichDEFKim Min-jae
96%
ArgentinaInter MilanFWLautaro Martínez
96%
CameroonManchester UnitedGKAndré Onana
95%
EnglandArsenalFWBukayo Saka
95%
NorwayArsenalMIDMartin Ødegaard
95%
GermanyBarcelonaMIDIlkay Gündogan
94%
SpainManchester CityMIDRodri
94%
NigeriaNapoliFWVictor Osimhen
94%
PortugalManchester CityMIDBernardo Silva
93%
PortugalManchester CityDEFRúben Dias
92%
CroatiaManchester CityDEFJoško Gvardiol
90%
GermanyBayern MunichMIDJamal Musiala
86%
MoroccoAl HilalGKYassine Bounou
86%
ItalyInter MilanMIDNicolò Barella
85%
GeorgiaNapoliFWKhvicha Kvaratskhelia
84%
FranceParis Saint-GermainFWRandal Kolo Muani
82%

Score Distribution

Percentile by Number Answered

Percent of People with Each Score

Your Score History

You have not taken this quiz